|
|
|
|
| LEADER |
02103nim a2200589 i 4500 |
| 001 |
001857269 |
| 003 |
CZ BrMZK |
| 005 |
20230510105016.0 |
| 007 |
sd fungnnmmned |
| 008 |
230504t20232023xr nnnnb j n cze |
| 024 |
3 |
|
|a 8594050435605
|
| 040 |
|
|
|a BOA001
|b cze
|e rda
|
| 041 |
1 |
|
|a cze
|h swe
|
| 072 |
|
7 |
|a 821.11
|x Germánské literatury
|2 Konspekt
|9 25
|
| 072 |
|
7 |
|a 821-93
|x Literatura pro děti a mládež (beletrie)
|2 Konspekt
|9 26
|
| 080 |
|
|
|a 821.113.6-32
|2 MRF
|
| 080 |
|
|
|a (0:82-32)
|2 MRF
|
| 080 |
|
|
|a (086.7.053.2)
|2 MRF
|
| 080 |
|
|
|a (086.7)08
|2 MRF
|
| 080 |
|
|
|a (086.76)
|2 MRF
|
| 100 |
1 |
|
|a Lindgren, Astrid,
|d 1907-2002
|7 jn19990005095
|4 aut
|
| 240 |
1 |
0 |
|a Karlsson på taket flyger igen.
|l Česky
|7 aun2008458550
|
| 245 |
1 |
0 |
|a Karkulín ze střechy /
|c Astrid Lindgrenová ; přeložil Libor Štukavec
|
| 264 |
|
1 |
|a Praha :
|b Albatros,
|c [2023]
|
| 264 |
|
4 |
|c ©2023
|
| 300 |
|
|
|a 1 audiodisk (7 hod., 2 min.) ;
|c 12 cm
|
| 306 |
|
|
|a 070200
|
| 336 |
|
|
|a mluvené slovo
|b spw
|2 rdacontent
|
| 337 |
|
|
|a audio
|b s
|2 rdamedia
|
| 338 |
|
|
|a audiodisk
|b sd
|2 rdacarrier
|
| 344 |
|
|
|a digital
|b optical
|2 rda
|
| 347 |
|
|
|a audio soubor
|b MP3
|2 rda
|
| 500 |
|
|
|a Název z disku
|
| 500 |
|
|
|a Přeloženo ze švédštiny
|
| 500 |
|
|
|a Copyright Albatros Media a.s.
|
| 508 |
|
|
|a Režie Václav Knop
|
| 511 |
0 |
|
|a Čte Dagmar Havlová
|
| 655 |
|
7 |
|a švédské příběhy
|7 fd183834
|2 czenas
|
| 655 |
|
7 |
|a zvukové záznamy pro děti a mládež
|7 fd186726
|2 czenas
|
| 655 |
|
7 |
|a audioknihy
|7 fd119452
|2 czenas
|
| 655 |
|
7 |
|a kompaktní disky
|7 fd201991
|2 czenas
|
| 655 |
|
9 |
|a Swedish stories
|2 eczenas
|
| 655 |
|
9 |
|a juvenile sound recordings
|2 eczenas
|
| 655 |
|
9 |
|a audiobooks
|2 eczenas
|
| 655 |
|
9 |
|a compact discs
|2 eczenas
|
| 700 |
1 |
|
|a Štukavec, Libor,
|d 1930-2000
|7 jk01131552
|4 trl
|
| 700 |
1 |
|
|a Knop, Václav,
|d 1949-
|7 xx0079830
|4 drt
|
| 700 |
1 |
|
|a Havlová, Dagmar,
|d 1953-
|7 jn20000402535
|4 nrt
|
| 910 |
|
|
|a BOA001
|b CDR-1508.084
|
| 990 |
|
|
|a AV
|
| 991 |
|
|
|b 202305
|c NOV
|
| 996 |
6 |
|
|b 2610937733
|c CDR-1508.084
|l MZK
|r Sklad / do 24 hodin
|n 0
|p p.v.
|w 001924208
|u 000010
|a 1
|e BOA001
|j MZK50
|s P
|